Future Shock

Kaydedildi:
Detaylı Bibliyografya
Yazar: Toffler, Alvin
Materyal Türü: Kitap
Dil:Undetermined
Baskı/Yayın Bilgisi: New York, Estados Unidos Bantam 1990
Konular:
Etiketler: Etiketle
Etiket eklenmemiş, İlk siz ekleyin!

MARC

LEADER 00000nam a2200000Ia 4500
008 170316s9999 xx 000 0 und d
040 |a cru BVZT 
090 |a F-810 T-2f 
100 |a Toffler, Alvin 
245 |a Future Shock 
260 |a New York, Estados Unidos 
260 |b Bantam 
260 |c 1990 
300 |a 561 páginas 
650 |a LITERATURA ESTADOUNIDENSE  |9 25 
650 |a FICCIÓN  |9 26 
999 |c 28842  |d 28842 
942 |c 15 D  |h F-810 T-2f  |2 z